000 01199nam a2200289 a 4500
001 BRCA_4283
005 20190320204620.0
008 230610s1853----u--a######---#000-0#eng-#
041 _aeng
044 _au
050 4 _aF1208
_b.M39 2 1853
100 1 _aMayer, Brantz
_d1809-1879
_910047
245 1 0 _aMexico, Aztec, Spanish and Republican
_ba Historical, Geographical, Political, Statistical and Social account of that Country from the Period of the Invasion by the Spaniards to the Present Time; with a view of the Ancient Aztec Empire and Civilization; a Historical Sketch of the late War; and notices of New Mexico and California
_cby Brantz Mayer.
260 _aHartford, Connecticut
_bS. Drake
_c1853
300 _a2 t. en 1 v.
_bil.
_c24 cm.
500 _aEdición con cantos dorados
500 _aEstado físico: hoja rota (p. 395 del t.2)
500 _aVer también C17 (1854)
500 _aCEF77
650 1 4 _aViajeros estadounidenses
_zMéxico
_910048
651 4 _aMéxico
_xDescripción y viajes
_9103
651 4 _aMéxico
_xHistoria
_9614
651 4 _aNuevo México
_xHistoria
_911030
651 4 _aCalifornia
_xDescripción y viajes
_98195
902 _aGFM
942 _2lcc
_cB
999 _c3994
_d3994